Za dalʹi︠u︡ nepogody : Roman /

Bibliographic Details
Main Author: Gorbachev, Vi͡acheslav
Format: Book
Language:Russian
Published: Moskva : Sov. pisatelʹ, 1977.

MARC

Tag First Indicator Second Indicator Subfields
LEADER 00000cam a2200000Ii 4500
001 in00002000303
005 20151031124738.0
008 790316s1977 ru c 000 1 rusr
010 |a  78414020  
015 |a USSR 77 
020 |c 1.62rub 
035 |a (OCoLC)ocm04751026 
040 |a DLC  |c IUL  |d IUL  |d TXA  |d UtOrBLW 
049 |a TXAM 
050 0 |a PG3481.2.R145  |b Z22 
090 |a PG3481.2.R145  |b Z22 1977 
100 1 |a Gorbachev, Vi͡acheslav. 
245 1 0 |a Za dalʹi︠u︡ nepogody :  |b Roman /  |c Vi︠a︡cheslav Gorbachev. 
264 1 |a Moskva :  |b Sov. pisatelʹ,  |c 1977. 
300 |a 448 pages :  |b portrait ;  |c 20 cm. 
336 |a text  |b txt  |2 rdacontent 
337 |a unmediated  |b n  |2 rdamedia 
338 |a volume  |b nc  |2 rdacarrier 
500 |a Russian in Cyrillic script. 
948 |a cataloged  |b h  |c 2004/10/22  |d c  |e spoltoratski  |f 12:35:06 pm 
994 |a E0  |b TXA 
999 |a MARS 
999 f f |s aacf160e-c7dd-3869-bbf4-72aa00800d7b  |i 630505d4-3783-338e-be0d-99d2124eb20a  |t 0 
952 f f |p ric  |a Texas A&M University  |b Rellis Campus  |c Joint Library Facility  |d Remote Storage  |t 0  |e PG3481.2.R145 Z22 1977  |h Library of Congress classification  |i unmediated -- volume  |m A14831377851 
998 f f |a PG3481.2.R145 Z22 1977  |t 0  |l Remote Storage